00330nam a2200121Ia 4500008004100000041000800041082001500049100001600064245004500080260004200125300003200167365000900199240624s9999 xx 000 0 und d aeng a658.15 BER aBERK JOSEPH aCOST REDUCTION AND OPTIMIZATION FOR MANU c2010aNew JerseybJohn Wiley and Sons aviii, : 258 : p. : cm. ; 24 cb30